Zelená kozmetika má zelenú

Kozmetický priemysel, desaťročia poháňaný dopredu výdobytkami chémie, opäť prednostne spracúva prírodné suroviny. Biologicky aktívne zložky kozmetických produktov. Naturálna kozmetika si žiada zvýšenú náročnosť na výrobu i skladovanie.

Uložené v:
Podrobná bibliografia
Hlavný autor: Vojtková, Viera
Médium: Kapitola
Jazyk:Slovak
Predmet:
Tagy: Pridať tag
Žiadne tagy, Buďte prvý, kto otaguje tento záznam!

MARC

LEADER 00000naa a2200000 4500
001 r043442
005 20231002114137.4
041 0 |a slo 
044 |a SK 
245 1 0 |a Zelená kozmetika má zelenú  |c Viera Vojtková 
520 |a Kozmetický priemysel, desaťročia poháňaný dopredu výdobytkami chémie, opäť prednostne spracúva prírodné suroviny. Biologicky aktívne zložky kozmetických produktov. Naturálna kozmetika si žiada zvýšenú náročnosť na výrobu i skladovanie. 
610 2 0 |a kozmetika 
610 2 0 |a príroda 
610 2 0 |a výroba 
610 2 0 |a skladovanie 
610 2 0 |a predaj 
100 1 |a Vojtková, Viera